Statistics for Guess the celebrities

Click here to take the quiz!

General Stats

  • This quiz has been taken 192 times
  • The average score is 10 of 15

Answer Stats

Answer% Correct
justin bieber
94%
donald trump
93%
queen elizabeth
91%
kim kardashian
89%
spongebob
89%
leonardo dicaprio
87%
jennifer aniston
84%
miley cyrus
75%
jackie chan
71%
morgan freeman
67%
will smith
56%
oprah winfrey
49%
betty white
33%
louis armstrong
31%
john denver
13%

Score Distribution

Percentile by Number Answered

Percent of People with Each Score

Your Score History

You have not taken this quiz